|
|
|
|
| LEADER |
00000cam a2200000 7i4500 |
| 001 |
0000001700 |
| 005 |
20011025.0 |
| 090 |
0 |
0 |
|a 582.160973
|b ATL 1976
|
| 245 |
0 |
0 |
|a ATLAS of United States trees
|
| 260 |
0 |
0 |
|a Washington :
|b United States Department of Agriculture, Forest Service ,
|c 1976
|
| 300 |
|
|
|a 6 v. :
|b maps (part fold. in pocket) ;
|c 36 cm.
|
| 440 |
0 |
0 |
|a Miscellaneous publication (United States. Dept. of Agriculture) ; no. 1314
|
| 500 |
0 |
0 |
|a Includes bibliographies and indexes
|
| 650 |
0 |
0 |
|a Phytogeography
|z United States
|x Maps
|
| 650 |
0 |
0 |
|a Trees
|z United States
|x Geographical distribution
|x Maps
|
| 700 |
0 |
1 |
|a Little
|h Elbert Luther ,
|c 1907-
|
| 700 |
0 |
1 |
|a Viereck
|h Leslie A.
|
| 998 |
|
|
|a JPSM
|
| 999 |
|
|
|a 0000002626
|b Monograph
|c Open Shelf
|e Default branch
|
| 999 |
|
|
|a 0000002627
|b Monograph
|c Open Shelf
|e Default branch
|